000 00590nam a2200229Ia 4500
003 OSt
005 20220918214316.0
006 a|||||r|||| 00| 0
007 ta
008 220917b |||||||| |||| 00| 0 eng d
024 _a136,803
037 _cTextual
040 _aARTS
_cARTS
_beng
041 _2eng
_aeng
082 _aX9J, J31
100 _aBlack John Donald
_9130764
245 0 _aIntroduction to economics for agriculture
260 _aNA
_bNA
_c1953
650 _aECONOMICS
942 _hX9J, J31
_cTEXL
_2CC
999 _c259891
_d259891